Bhutan-Quiz - Statistiken

Allgemein
  • Dieses Quiz wurde 1.824 mal gespielt
  • Das Durchschnittsergebnis liegt bei 13 aus 21
Antwortstatistiken
Frage Antwort % Korrekt
Nachbarland China
97%
Nachbarland Indien
95%
Gebirgskette, in welcher sich Bhutan befindet Himalaya
94%
Staatsreligion Buddhismus
87%
Tier auf der Flagge Drache
84%
Gangkhar Puensum ist weltweit der höchste Berg, der noch nie ____ wurde Bestiegen
82%
Autonome Region von Nachbarland #1, an der Bhutan grenzt Tibet
78%
Ehemalige Handelsroute, die durch Bhutan ging {Seiden}straße
74%
Internationale Organisation, der Bhutan erst 1971 beitrat Vereinte Nationen
72%
Bhutan und Surinam sind weltweit die einzigen Ländern, die davon mehr absorbieren als erzeugen Kohlenstoffdioxid
68%
Nur drei Ländern besitzen in Bhutan diese Art von diplomatischen Gebäuden Botschaften
67%
Bhutan berechnet diese Menschengruppe mindestens $200 pro Tag für ein Aufenthalt in Bhutan Touristen
67%
Hauptstadt Thimphu
66%
Bhutan hat weltweit die höchste durchschnittliche ___ Höhe
57%
2010 verbot Bhutan als erstes den Verkauf dieser ungesunden Substanz Tabak
56%
Amt, das von Jigme Khesar seit 2005 ausgeübt wird König
55%
Viele Länder messen ihr Bruttoinlandeinkommen. Was wird in Bhutan ebenfalls gemessen? Bruttonational{glück}
46%
Beliebteste Sportart (Anfangsbuchstabe B) Bogenschießen
20%
Amtssprache {Dzong}kha
20%
Währung Ngultrum
13%
Ehemalige Hauptstadt bis 1955 Punakha
9%
Keine übereinstimmenden Quizze gefunden
Verteilung der Resultate
Anzahl Personen mit jedem Resultat
Perzentil nach korrekt beantworteten Fragen
Ihre Resultats-Entwicklung
Sie haben dieses Quiz noch nicht gespielt